000 02260nam a2200409 c 4500
003 BLK
005 20180422105742.0
008 180409b bul|||||r ||||||| ||bul||
010 _aKNG00112221000
020 _a954-8197-33-2
_bиздат.: Хеликон
040 _aBLK
041 _aBUL
_cBUL
080 _aПериод на кризата на феодализма, зараждане на капиталистически отношения. Възраждане на българския народ (II пол. на ХVIII в. - 1878 г.)
_b94(497.2)"1750/1878"
_x
_z94(497.2)"1750/1878"
080 _aКраезнание
_b908
_x(497.21-21)
_z908(497.21-21)
080 _aОрганизация на културно-просветна работа в отделните страни. Народни читалища. Художествена самодейност
_b374.28
_x(497.21-21)(091)
_z374.28(497.21-21)(091)
080 _aЛитература на отделни езици и езикови семейства
_b821
_x-84
_z821-84
100 1 _aКазански, Рачо Колев
_eпърви автор
_9375377
139 _aКазански, Рачо Колев
_bК 13
245 1 0 _aКълнове за новото Възраждане
_bИзпод пепелищата на духовната разруха...
_cРачо Колев Казански.
_nПрил.
257 _aBGR
260 Казанлък
_bХеликон
_c2003
_fСт. Загора : Непедони
300 _a216 с.
_c23 см
380 _a9
500 _aСъдържа и Мисли от съкровищницата на всемирната мъдрост. - Библиогр. под линия ; Именен, геогр. показалец
650 4 _aВъзраждане - България
_9243355
650 4 _aСвищов - история
_9254651
650 4 _aЧиталища - България - история
_9249269
653 _aСвищов
653 _aистория
653 _aчиталища
760 1 _aКазански, Рачо Колев
_h18 с., 21 см
_tПрил.
852 _aЦб 218909
856 4 _qpdf
_u
856 4 _qpdf
_u
942 _cKNG
_n0
944 _aCR
_c09.04.2004
_kГеновева_Генчева
944 _aED
_c24.06.2004
_k
999 _c106949
_d106949